KOHA-Header-6

Entrepreneurial Small Business (Record no. 13196)

000 -LEADER
fixed length control field 00322nam a22001337a 4500
020 ## - INTERNATIONAL STANDARD BOOK NUMBER
ISBN 9781259573798
082 ## - DEWEY DECIMAL CLASSIFICATION NUMBER
Classification number 658.022
100 ## - MAIN ENTRY--AUTHOR NAME
Personal name Jerome Katz & Richard Green
245 ## - TITLE STATEMENT
Title Entrepreneurial Small Business
250 ## - EDITION STATEMENT
Edition statement 5th Edition
260 ## - PUBLICATION, DISTRIBUTION, ETC. (IMPRINT)
Place of publication USA
Name of publisher McGraw Hill Education
Year of publication 2018
300 ## - PHYSICAL DESCRIPTION
Number of Pages 667 Pages
942 ## - ADDED ENTRY ELEMENTS (KOHA)
Koha item type Books
Holdings
Withdrawn status Lost status Collection code Permanent Location Current Location Shelving location Date acquired Full call number Accession Number Koha item type
    Business MAJU MAJU   2022-02-19 658.022 10288 Business

Powered by Koha